| 000 | 00390nam a22001337a 4500 | ||
|---|---|---|---|
| 040 | _cNUST | ||
| 082 | _a200 THE | ||
| 100 |
_aAhsan Naseer _9111963 |
||
| 110 | _aSupervisor Dr. Imran Akhtar | ||
| 245 | _aTH-SOF-2150-Nonlinear Analysis of BVAM Model using Perturbation Techniques | ||
| 260 |
_aISLAMABAD: _bNUST COLLEGE OF EME, _c2023. |
||
| 650 |
_aMS-MECH-20 _9101656 |
||
| 942 |
_2ddc _cTHE |
||
| 999 |
_c594540 _d594540 |
||